000 00247nam a2200097Ia 4500
001 1064095
005 20250827001709.0
008 250824s9999 xx 000 0 und d
245 0 _aADED İLE MİKDAR
_cİHSAN FAZLIOĞLU
260 _bKETEBE YAYINLARI
999 _c1064095
_d1064095